Parole jul- Drôle de dame - Statistiques

Statistiques générales
  • Ce quiz a été pris 349 fois
  • Le résultat moyen est 156 sur 339
Statistiques - réponses
Réponse % Correct
dame
100%
de
100%
drôle
100%
drole
100%
la
95%
95%
sourrir
92%
a
91%
à
91%
fait
90%
faire
85%
souffrir
85%
imbécile
83%
lieu
82%
elle
81%
du
80%
80%
te
80%
au
79%
mon
78%
tu
77%
va
75%
mal
74%
c'est
73%
un
72%
ami
69%
courir
68%
plus
63%
es
60%
Qu'
60%
qu'
60%
belle
59%
le
56%
monde
56%
lui
55%
toi
55%
homme
54%
tout
54%
est
52%
une
52%
jolie
51%
mais
50%
se
50%
que
47%
qui
47%
l'aimes
46%
sourire
46%
tes
46%
t'es
46%
son
42%
toute
42%
des
41%
ta
40%
t'a
40%
amoureux
38%
charme
38%
mignonne
38%
pas
38%
quand
38%
seul
38%
et
37%
celle
35%
fou
35%
ses
35%
t'ignore
35%
ailes
34%
donne
34%
avec
33%
yeux
33%
ça
31%
en
31%
les
30%
vie
30%
est-ce
29%
fais-lui
29%
fais-la
28%
larmes
28%
t'étais
28%
si
27%
par
26%
sont
25%
vouloir
25%
dis
24%
salées
24%
dit
22%
mots
22%
siennes
22%
jamais
21%
beau
20%
prêt
20%
sucrés
20%
veut
20%
vois
20%
bonheur
19%
retrouves
19%
voir
19%
go'
18%
qu't'
18%
vas
18%
calcule
16%
temps
16%
trois
16%
15%
veux
15%
fois
14%
semaine
14%
sens
14%
sort
14%
t'en
14%
bander
13%
j'ai
13%
parce
13%
t'attend
13%
ans
12%
crées
12%
d'aller
12%
dégouté
12%
d'te
12%
mama
12%
aller
11%
leçon
11%
plaint
11%
quitter
11%
sait
11%
trop
11%
chez
10%
oh
10%
quatre
10%
regretter
10%
t'as
10%
têtu
10%
vient
10%
avoir
9%
bien
9%
chérie
9%
retenir
9%
t'aurai
9%
l'temps
8%
soir
8%
braves
7%
dire
7%
d'lui
7%
fraîche
7%
mèches
7%
savours
7%
bro'
6%
l'con
6%
quartier
6%
qu'c'est
6%
qu'tes
6%
qu'tu
6%
s'est
6%
s'plaint
6%
avant
5%
dech'
5%
dormir
5%
même
5%
ouais
5%
pêche
5%
t'aurais
5%
vas-y
5%
yeah
5%
boire
4%
l'monde
4%
love
4%
met
4%
sous
4%
coups
3%
encore
2%
gardes
2%
maman
2%
plan
2%
revient
2%
t'abriter
2%
ma-mal
1%
REFRAIN
1%
ressort
1%
restes
1%
r'fait
1%
parié
0%
retout
0%
s'envoles
0%
t'sais
0%
Aucun quiz correspondant
Distribution des résultats
% des personnes avec chaque résultat
Percentile par nombre de réponses
Votre historique - résultats
Vous n’avez pas pris ce quiz